[Event "2010 Standard Chess Dropout Tournament, Round 1"]
[Site "SchemingMind.com"]
[Date "2009.11.14"]
[Round "1"]
[White "palaciorep"]
[Black "Ollowain"]
[Result "1-0"]
[WhiteCountry "ARG"]
[BlackCountry "GER"]
[WhiteElo "1678"]
[WhiteRD "102"]
[BlackElo "2063"]
[BlackRD "84"]
[GameID "226015"]

1. e4 e5 2. Nf3 Nc6 3. Bb5 a6 4. Bxc6 dxc6 5. h3 f6 6. a3 Bc5 7. O-O Ne7 8. b4 Bb6 9. Bb2 O-O 10. c3 c5
11. d4 cxd4 12. cxd4
1-0

[Event "2010 Standard Chess Dropout Tournament, Round 1"]
[Site "SchemingMind.com"]
[Date "2009.11.14"]
[Round "1"]
[White "palszab"]
[Black "joralx3"]
[Result "0-1"]
[WhiteCountry "HUN"]
[BlackCountry "ARG"]
[WhiteElo "1865"]
[WhiteRD "81"]
[BlackElo "2495"]
[BlackRD "105"]
[GameID "226016"]

1. e4 c5 2. Nf3 Nc6 3. d4 cxd4 4. Nxd4 e5 5. Nb5 d6 6. N1c3 Nf6 7. Bg5= a6 8. Na3 b5 9. Nd5 Be7 10. Bxf6 Bxf6
11. c4 b4 12. Nc2 Rb8 13. b3 Bg5 14. Be2 O-O 15. O-O Be6 16. Bg4 Qd7 17. Bxe6 fxe6 18. Nde3 Rf7 19. g3 Bd8 20. Qd2 Bb6
21. Rad1 Bc5 22. Ne1 Rbf8 23. Nd3 Nd4 24. Nxc5= dxc5 25. Kg2 Qb7 26. Qd3 Rf3 27. Qb1 Ne2 28. Rd6 Nc3 29. Qd3 Nxe4 30. Rxe6 Nd2
31. Qd5 Nxf1 32. Kxf1 Qxd5 33. Nxd5 Rxf2+ 34. Ke1 R8f3 35. Rxe5 Rxa2 36. Nf4 Rxb3
0-1

[Event "2010 Standard Chess Dropout Tournament, Round 1"]
[Site "SchemingMind.com"]
[Date "2009.11.13"]
[Round "1"]
[White "PankracyRozumek"]
[Black "palaciorep"]
[Result "0-1"]
[WhiteCountry "POL"]
[BlackCountry "ARG"]
[WhiteElo "1793"]
[WhiteRD "88"]
[BlackElo "1738"]
[BlackRD "94"]
[GameID "226017"]

1. e4 e5 2. Nf3 Nc6 3. Bb5 Nge7 4. Nc3 a6 5. Bc4 h6 6. O-O Ng6 7. d4 d6 8. a3 Bg4 9. dxe5 Ngxe5 10. Be2 Bxf3
11. Bxf3 Nxf3+ 12. Qxf3 Nd4 13. Qd3 Ne6 14. f4 Be7 15. Nd5 O-O 16. Nxe7+ Qxe7 17. f5 Nc5 18. f6 Qxe4 19. Qxe4 Nxe4 20. fxg7 Kxg7
21. Rf4 Rae8 22. Rg4+ Kh7 23. Rh4 Re6 24. Be3 Rfe8 25. Rf1 R8e7 26. g4 Rg6 27. Kg2 Ng5 28. Bxg5 Rxg5 29. Kf3 Kg6 30. Rh3 d5
31. Rf2 Re4 32. Rg3 c6 33. h4 Rge5 34. Kg2 d4 35. Kh3 Re3 36. Rd2 Rxg3+ 37. Kxg3 Re3+ 38. Kf4 c5 39. Rg2 b5 40. h5+ Kg7
41. Kf5 d3 42. cxd3 Rxd3 43. Ke4 Rd4+ 44. Ke5 f6+ 45. Ke6 c4 46. Rf2 Re4+ 47. Kd5 Rxg4 48. Rh2 Rg3 49. Ke6 Re3+ 50. Kf5 Re5+
51. Kf4 Kf7 52. Kg4 Ke6 53. Rd2 Rg5+ 54. Kh4 f5 55. Rc2 Rg4+ 56. Kh3 Re4 57. Rc3 Ke5 58. Kg3 Kd4 59. Kf3 Rh4 60. Rc2 Rxh5
61. Rd2+ Kc5 62. Kf4 Kb6 63. Ke5 Ka5 64. Kf6 Ka4 65. Kg6 Rh3 66. Kxf5 b4 67. axb4 Kxb4 68. Kg6 Kb3 69. Re2 a5 70. Kf5 a4
71. Kg4 Rd3
0-1

[Event "2010 Standard Chess Dropout Tournament, Round 1"]
[Site "SchemingMind.com"]
[Date "2009.11.14"]
[Round "1"]
[White "paradox"]
[Black "Exal Garcia-Carrillo"]
[Result "1-0"]
[WhiteCountry "GER"]
[BlackCountry "MEX"]
[WhiteElo "1980"]
[WhiteRD "120"]
[BlackElo "1867"]
[BlackRD "81"]
[GameID "226018"]

1. Nf3 Nf6 2. g3 g6 3. Bg2 Bg7 4. O-O O-O 5. d3 d6 6. e4 e5 7. Nbd2 Nbd7 8. a4 Re8 9. Nc4 b6 10. b4 Bb7
11. Bb2 Rb8 12. Qd2 c6 13. Nxd6 Re6 14. Nxf7 Kxf7 15. Ng5+ Ke7 16. Nxe6 Kxe6 17. f4 exf4 18. Qxf4 Bf8 19. e5 Nh5 20. Qf7#
1-0

[Event "2010 Standard Chess Dropout Tournament, Round 1"]
[Site "SchemingMind.com"]
[Date "2009.11.14"]
[Round "1"]
[White "pattSir"]
[Black "desmondw"]
[Result "1-0"]
[WhiteCountry "GER"]
[BlackCountry "IRL"]
[WhiteElo "2394"]
[WhiteRD "159"]
[BlackElo "1751"]
[BlackRD "86"]
[GameID "226019"]

1. e4 e5 2. Bc4 Bc5 3. Nf3 Nc6 4. b4 Bxb4 5. c3 Ba5 6. d4 exd4 7. O-O Bxc3 8. Nxc3 dxc3 9. Qb3 Qe7 10. Ba3 d6
11. e5 Na5 12. Qb5+ Nc6 13. Rfe1 Be6 14. Bxe6 fxe6 15. Qxb7
1-0

[Event "2010 Standard Chess Dropout Tournament, Round 1"]
[Site "SchemingMind.com"]
[Date "2009.11.09"]
[Round "1"]
[White "pawngrabber"]
[Black "Jochen"]
[Result "0-1"]
[WhiteCountry "ENG"]
[BlackCountry "GBR"]
[WhiteElo "1905"]
[WhiteRD "81"]
[BlackElo "1307"]
[BlackRD "80"]
[GameID "226020"]

1. d4 e6 2. e4 Nc6 3. c4 Bb4+ 4. Bd2 Qh4 5. Nc3 Nxd4 6. Nf3 Nxf3+ 7. Qxf3 d6 8. Bd3 Nf6 9. O-O-O O-O 10. g3 Qh3
11. Bf1 Qg4 12. Qg2 Bxc3 13. Bxc3 Nxe4 14. Rd4 f5 15. Kc2 Qg6 16. Be1 e5 17. Rd1 f4 18. gxf4 Rxf4 19. Qxg6 hxg6 20. b3 Nxf2
21. Bxf2 Rxf2+ 22. Rd2 Bf5+ 23. Bd3 Rf4 24. Rg1 e4
0-1

[Event "2010 Standard Chess Dropout Tournament, Round 1"]
[Site "SchemingMind.com"]
[Date "2009.11.09"]
[Round "1"]
[White "Peacemaker"]
[Black "loco61"]
[Result "1-0"]
[WhiteCountry "GER"]
[BlackCountry "ENG"]
[WhiteElo "2478"]
[WhiteRD "73"]
[BlackElo "1677"]
[BlackRD "69"]
[GameID "226021"]

1. e4 e5 2. Nf3 Nc6 3. Bc4 Bc5 4. c3 Nf6 5. d3 h6 6. O-O d6 7. h3 Qe7 8. d4 Bb6 9. Re1 O-O 10. Bb3 a6
11. Na3 Ba7 12. Nc4 b5 13. Ne3 Na5 14. Bc2 Bb7 15. a4 Nc6 16. Nd5 Nxd5 17. exd5 Na5 18. axb5 Nc4 19. Qd3 axb5 20. Qh7#
1-0

[Event "2010 Standard Chess Dropout Tournament, Round 1"]
[Site "SchemingMind.com"]
[Date "2009.11.10"]
[Round "1"]
[White "pjl1015"]
[Black "staunton64"]
[Result "1-0"]
[WhiteCountry "USA"]
[BlackCountry "FRA"]
[WhiteElo "2388"]
[WhiteRD "109"]
[BlackElo "1660"]
[BlackRD "72"]
[GameID "226023"]

1. d4 Nf6 2. Bf4 d5 3. e3 e6 4. Nf3 Nbd7 5. c4 c5 6. Nc3 Nb6 7. Nb5 Nxc4 8. Nc7+ Ke7 9. Bxc4 dxc4 10. dxc5 Qxd1+
11. Rxd1 Bd7 12. Bd6+ Kd8 13. Nxa8 Kc8 14. Ne5 Bxd6 15. cxd6 b5 16. Nxf7 Rf8 17. Ne5 Ne4 18. Rd4 Rxf2 19. Rxe4 Rxb2 20. O-O Rxa2
21. Rf7 c3 22. Rxd7 c2 23. Rc7+ Kb8 24. d7 Ra1+ 25. Kf2 Rd1 26. Nc6+ Kxa8 27. Rxa7#
1-0

[Event "2010 Standard Chess Dropout Tournament, Round 1"]
[Site "SchemingMind.com"]
[Date "2009.11.14"]
[Round "1"]
[White "mmccaffe"]
[Black "Mitchell-in"]
[Result "1/2-1/2"]
[WhiteCountry "USA"]
[BlackCountry "ENG"]
[WhiteElo "1712"]
[WhiteRD "65"]
[BlackElo "1840"]
[BlackRD "63"]
[GameID "226024"]

1. e4 e5 2. Nf3 Nc6 3. Bb5 a6 4. Ba4 Nf6 5. O-O Be7 6. Re1 b5 7. Bb3 d6 8. h3 O-O 9. c3 Na5 10. Bc2 c5
11. d4 Qc7 12. Nbd2 Nc6 13. Nf1 cxd4 14. cxd4 Bb7 15. Ng3 Nb4 16. Bb3 a5 17. a3 Nc6 18. d5 Nd8 19. Bg5 Ne8 20. Rc1 Qd7
21. Be3 g6 22. Nh2 Ng7 23. Bb6 a4 24. Rc7 Qe8 25. Ba2 Rc8 26. Qc2 Rxc7 27. Qxc7 f5 28. Qb8 Qd7 29. Qc7 Qxc7 30. Bxc7 Ne8
31. Ba5 Nf6 32. exf5 Bxd5 33. Bxd5+ Nxd5 34. fxg6 hxg6 35. Rd1 Nf4 36. Bb4 Nb7 37. Ng4 Kg7 38. Nxe5 dxe5 39. Bxe7 Rf7 40. Bb4 Rc7=
1/2-1/2

[Event "2010 Standard Chess Dropout Tournament, Round 1"]
[Site "SchemingMind.com"]
[Date "2009.11.09"]
[Round "1"]
[White "polityk"]
[Black "Uzi Mike"]
[Result "0-1"]
[WhiteCountry "POL"]
[BlackCountry "USA"]
[WhiteElo "1890"]
[WhiteRD "133"]
[BlackElo "2197"]
[BlackRD "83"]
[GameID "226025"]

1. d4 Nf6 2. c4 g6 3. Nc3 Bg7 4. g3 d5 5. Nf3 O-O 6. Bg2 dxc4 7. Ne5 c5 8. dxc5 Qc7 9. Nxc4 Qxc5 10. Qb3 Nc6
11. Be3 Nd4 12. Bxd4 Qxd4 13. Rd1 Qc5 14. Qb5 Qxb5 15. Nxb5 Be6 16. Ne3 Bxa2 17. Ra1 a6 18. Nc7 Rac8 19. Nxa6 bxa6 20. Rxa2 Bh6
21. f4 e5 22. Rxa6 exf4 23. Rxf6 fxe3 24. O-O Bg7 25. Rc6 Rb8 26. Rb1 Bxb2 27. Be4 f5 28. Bd5+ Kg7 29. Rc7+ Kh6 30. Kg2 Rfd8
31. Be6 Rb6 32. Re7 Rdb8 33. Bf7 Bd4 34. Rxb6 Bxb6 35. Be6 Ba5 36. Kf3 Bd2 37. Bd5 Rd8 38. Bc4 Rc8 39. Bb3 Ra8 40. h4 Rb8
0-1

[Event "2010 Standard Chess Dropout Tournament, Round 1"]
[Site "SchemingMind.com"]
[Date "2009.11.11"]
[Round "1"]
[White "Manfred Kraut"]
[Black "roscoe"]
[Result "1/2-1/2"]
[WhiteCountry "GER"]
[BlackCountry "USA"]
[WhiteElo "1437"]
[WhiteRD "77"]
[BlackElo "1518"]
[BlackRD "87"]
[GameID "226026"]

1. d4 d5 2. Nf3 Nf6 3. e3 Nc6 4. Bd3 g6 5. O-O Bg7 6. Re1 O-O 7. Nbd2 a6 8. e4 Bg4 9. e5 Ne4 10. Bxe4 dxe4
11. Rxe4 Bxf3 12. Nxf3 e6 13. Ng5 h6 14. Nh3 Nb4 15. c3 Nc6 16. Be3 Ne7 17. g3 Nf5 18. Qg4 c6 19. Rd1 h5 20. Qe2 Nxe3
21. Qxe3 a5 22. a4 f5 23. Rh4 f4 24. Rxf4 Bh6 25. Rxf8+ Qxf8 26. Ng5 Bxg5 27. Qxg5 Kg7 28. Rf1 Qf5 29. Qxf5 gxf5 30. f4=
1/2-1/2

[Event "2010 Standard Chess Dropout Tournament, Round 1"]
[Site "SchemingMind.com"]
[Date "2009.11.09"]
[Round "1"]
[White "racy"]
[Black "tecamac"]
[Result "0-1"]
[WhiteCountry "USA"]
[BlackCountry "FRA"]
[WhiteElo "1457"]
[WhiteRD "101"]
[BlackElo "1585"]
[BlackRD "118"]
[GameID "226027"]

1. e4 e5 2. Nf3 Nc6 3. Bb5 Nf6 4. Nc3 d6 5. O-O Be7 6. d4 O-O 7. Re1 Bg4 8. h3 Bxf3 9. Qxf3 Nxd4 10. Qd1 h6
11. g3 c6 12. Ba4 d5 13. f4 exf4 14. Bxf4 Ne6 15. Be5 Nxe4 16. g4 Qb6+ 17. Bd4 Nxd4 18. Nxe4 Nf3+ 19. Kg2 Nxe1+ 20. Qxe1 dxe4
21. Qxe4 Rfe8 22. Qf3 Qxb2 23. Rd1 Qf6 24. Qe4 Bc5 25. Qf3 Qxf3+ 26. Kxf3 Rad8 27. Rb1 b5 28. Bb3 Re3+ 29. Kf2 Rxb3+ 30. Ke2 Rxb1
31. Kf3 g5 32. c4 Re8 33. Kg2 Rb2+ 34. Kf1 Bb4 35. Kg1 Re1#
0-1

[Event "2010 Standard Chess Dropout Tournament, Round 1"]
[Site "SchemingMind.com"]
[Date "2009.11.13"]
[Round "1"]
[White "Raimondi"]
[Black "mirari"]
[Result "0-1"]
[WhiteCountry "PER"]
[BlackCountry "ENG"]
[WhiteElo "1725"]
[WhiteRD "75"]
[BlackElo "1808"]
[BlackRD "271"]
[GameID "226028"]

1. e4 e5 2. Nf3 Nc6 3. Bb5 a6 4. Ba4 Bc5 5. c3 Qf6 6. O-O Nge7 7. Re1 b5 8. Bc2 d6 9. d3 Bg4 10. Be3 Bxe3
11. Rxe3 d5 12. Nbd2 d4 13. cxd4 exd4 14. Re1 Rd8 15. a3 Ne5 16. Rc1 N7g6 17. h3 Bd7 18. Nxe5 Nxe5 19. Nf1 c5 20. Bb3 Rc8
21. Nh2 h5 22. Rf1 c4 23. dxc4 bxc4 24. f4 Nd3 25. Rxc4 Rxc4 26. Bxc4 Nxb2 27. Qb3 Nxc4 28. Qxc4 O-O 29. e5 Qg6 30. Kh1 Bb5
31. Qxd4 Bxf1 32. Nxf1 Rb8 33. Kh2 h4 34. Qf2 Qd3 35. Qxh4 Qxf1
0-1

[Event "2010 Standard Chess Dropout Tournament, Round 1"]
[Site "SchemingMind.com"]
[Date "2009.11.14"]
[Round "1"]
[White "robertoi72"]
[Black "keen"]
[Result "1-0"]
[WhiteCountry "ITA"]
[BlackCountry "SCO"]
[WhiteElo "1830"]
[WhiteRD "85"]
[BlackElo "1604"]
[BlackRD "56"]
[GameID "226037"]

1. d4 Nf6 2. c4 e6 3. Nc3 Bb4 4. Qc2 Nc6 5. Nf3 d6 6. Bd2 O-O 7. a3 Bxc3 8. Bxc3 Qe7 9. b4 e5 10. dxe5 Nxe5
11. Nxe5 dxe5 12. e3 b6 13. Be2 Bb7 14. O-O Ne4 15. Bb2 Qg5 16. Bf3 Qf5 17. Rfd1 Rab8 18. Qd3 h6 19. a4 Rfe8 20. a5 Qg6
21. axb6 axb6 22. Ra7 Nc5 23. Qxg6 fxg6 24. bxc5 Bxf3 25. gxf3 bxc5 26. Bc3 Re7 27. Rd5 Rb1+ 28. Kg2 Rc1 29. Bxe5 Rxc4 30. Rxc7
1-0

[Event "2010 Standard Chess Dropout Tournament, Round 1"]
[Site "SchemingMind.com"]
[Date "2009.11.12"]
[Round "1"]
[White "roque"]
[Black "Chess Tiger"]
[Result "0-1"]
[WhiteCountry "FRA"]
[BlackCountry "GER"]
[WhiteElo "1805"]
[WhiteRD "110"]
[BlackElo "2337"]
[BlackRD "85"]
[GameID "226038"]

1. e4 c5 2. Nf3 d6 3. d4 cxd4 4. Nxd4 Nf6 5. Nc3 a6 6. Bc4 e6 7. a3 Be7 8. O-O O-O 9. Bb3 Qc7 10. Qd3 Nbd7
11. Nxe6 fxe6 12. Bxe6+ Kh8 13. Nd5 Nxd5 14. exd5 Nc5 15. Qe2 Nxe6 16. dxe6 Rf6 17. Be3 Bxe6 18. b3 Rc8 19. Rac1 d5 20. Bg5 Rg6
21. Bxe7 Qxe7 22. a4 Rxg2+ 23. Kxg2 Bh3+ 24. Kxh3 Qxe2 25. Rce1 Qf3+ 26. Kh4 g5+
0-1

[Event "2010 Standard Chess Dropout Tournament, Round 1"]
[Site "SchemingMind.com"]
[Date "2009.11.11"]
[Round "1"]
[White "roscoe"]
[Black "Frenchy"]
[Result "0-1"]
[WhiteCountry "USA"]
[BlackCountry "CAN"]
[WhiteElo "1484"]
[WhiteRD "87"]
[BlackElo "1923"]
[BlackRD "112"]
[GameID "226039"]

1. Nf3 d5 2. d4 Nf6 3. g3 g6 4. Bg2 Bg7 5. O-O O-O 6. Nbd2 c6 7. Re1 Bf5 8. Nh4 Be6 9. e4 dxe4 10. Nxe4 Nxe4
11. Bxe4 Bxd4 12. Qe2 Bg7 13. Rd1 Qc8 14. Rb1 Nd7 15. b3 Nf6 16. Bb2 Rd8 17. Bf3 Nd5 18. Bxg7 Kxg7 19. Qe5+ Kg8 20. c4 f6
21. Qb2 Nc7 22. Rxd8+ Qxd8 23. Qc3 Qe8 24. Rd1 Rd8 25. a4 Rxd1+ 26. Bxd1 Qd7 27. Bf3 Bh3 28. Bg2 Qd1+
0-1

[Event "2010 Standard Chess Dropout Tournament, Round 1"]
[Site "SchemingMind.com"]
[Date "2009.11.09"]
[Round "1"]
[White "Ryan"]
[Black "bull mccabe"]
[Result "1-0"]
[WhiteCountry "NED"]
[BlackCountry "IRL"]
[WhiteElo "2103"]
[WhiteRD "113"]
[BlackElo "1781"]
[BlackRD "90"]
[GameID "226040"]

1. Nf3 d5 2. c4 e6 3. g3 Nf6 4. Bg2 Be7 5. O-O O-O 6. d4 c6 7. Qc2 Nbd7 8. Nc3 Re8 9. b3 dxc4 10. bxc4 Nb6
11. Nd1 c5 12. e3 Qc7 13. Ne5 Nfd7 14. f4 Nxe5 15. dxe5 Bd7 16. Nb2 Bc6 17. e4 Rad8 18. a4 a5 19. Bd2 Nd7 20. Bc3 Nf8
21. Nd3 h6 22. Qe2 Rd7 23. f5 exf5 24. exf5 Bxg2 25. Kxg2 Qc6+ 26. Kg1 Bg5 27. h4 Bd8 28. Rfd1 Bc7 29. Qg4 Nh7 30. f6 g6
31. Qf4
1-0

[Event "2010 Standard Chess Dropout Tournament, Round 1"]
[Site "SchemingMind.com"]
[Date "2009.11.09"]
[Round "1"]
[White "Saiidcd"]
[Black "NimbleKnight"]
[Result "1-0"]
[WhiteCountry "LBN"]
[BlackCountry "USA"]
[WhiteElo "2272"]
[WhiteRD "93"]
[BlackElo "1915"]
[BlackRD "123"]
[GameID "226041"]

1. e4 e6 2. d4 d5 3. Nc3 Bb4 4. e5 c5 5. a3 Bxc3+ 6. bxc3 Ne7 7. Qg4 O-O 8. Bd3 Nbc6 9. Qh5 Ng6 10. Nf3 Qc7
11. Be3 c4 12. Bxg6 fxg6 13. Qg4 Bd7 14. h4 Rf5 15. h5 gxh5 16. Rxh5 Rxh5 17. Qxh5 Be8 18. Qh3 Nd8 19. Bg5 Bf7 20. Kd2 Qd7
21. Rh1 Bg6 22. Bxd8 Rxd8 23. Ng5 Bf5 24. g4 h6 25. gxf5 hxg5 26. fxe6 Qe7 27. Qh8#
1-0

[Event "2010 Standard Chess Dropout Tournament, Round 1"]
[Site "SchemingMind.com"]
[Date "2009.11.09"]
[Round "1"]
[White "saxon"]
[Black "memet"]
[Result "1-0"]
[WhiteCountry "GER"]
[BlackCountry "TUR"]
[WhiteElo "2397"]
[WhiteRD "103"]
[BlackElo "1808"]
[BlackRD "102"]
[GameID "226042"]

1. d4 d5 2. Nf3 Nc6 3. Bf4 Bg4 4. e3 f6 5. Bb5 e5 6. dxe5 Bb4+ 7. c3 Ba5 8. Qa4 Bb6 9. Nd4 Bd7 10. e6 Bc8
11. Nxc6 bxc6 12. Bxc6+ Ke7 13. Bxa8 Bxe6 14. Bc6 Nh6 15. Bxh6 gxh6 16. Nd2 Qg8 17. O-O-O Qxg2 18. c4 Rb8 19. cxd5 Bxd5 20. Rhg1 Qxf2
21. Qb4+ Ke6 22. Bxd5+ Ke5 23. Qe4+ Kd6 24. Qe6+
1-0

[Event "2010 Standard Chess Dropout Tournament, Round 1"]
[Site "SchemingMind.com"]
[Date "2009.11.12"]
[Round "1"]
[White "Stephen Cade"]
[Black "Valiantangel"]
[Result "1-0"]
[WhiteCountry "ENG"]
[BlackCountry "SGP"]
[WhiteElo "2237"]
[WhiteRD "125"]
[BlackElo "1556"]
[BlackRD "116"]
[GameID "226043"]

1. d4 Nf6 2. c4 e6 3. Nf3 b6 4. g3 Ba6 5. b3 Bb7 6. Bg2 Bb4+ 7. Bd2 a5 8. O-O O-O 9. Qc2 d6 10. Nc3 Bxc3
11. Bxc3 Be4 12. Qb2 Nbd7 13. Rfd1 Qe7 14. Rac1 a4 15. b4 a3 16. Qb3 c5 17. dxc5 dxc5 18. Rd2 Bc6 19. b5 Be4 20. Rcd1 Ra7
21. Bxf6 Nxf6 22. Ne5 Bxg2 23. Kxg2 Ne4 24. Rd7 Rxd7 25. Nxd7 Rd8 26. Qd3 Nc3 27. Nf6+ gxf6 28. Qxd8+ Qxd8 29. Rxd8+ Kg7 30. Ra8 Nxa2
31. Rxa3 Nb4 32. Ra6
1-0

[Event "2010 Standard Chess Dropout Tournament, Round 1"]
[Site "SchemingMind.com"]
[Date "2009.11.11"]
[Round "1"]
[White "sibelius"]
[Black "Gilligan"]
[Result "1-0"]
[WhiteCountry "USA"]
[BlackCountry "USA"]
[WhiteElo "2281"]
[WhiteRD "84"]
[BlackElo "1613"]
[BlackRD "77"]
[GameID "226045"]

1. e4 e5 2. Nf3 Nc6 3. d4 exd4 4. Bc4 d6 5. Nxd4 Be7 6. Nxc6 bxc6 7. O-O Nf6 8. Nc3 O-O 9. Bb3 Be6 10. f4 Bxb3
11. axb3 d5 12. e5 Nd7 13. Be3 Nb6 14. Qf3 c5 15. f5 d4 16. f6 gxf6 17. Bh6 Re8 18. Qg3+ Kh8 19. Qg7#
1-0

[Event "2010 Standard Chess Dropout Tournament, Round 1"]
[Site "SchemingMind.com"]
[Date "2009.11.11"]
[Round "1"]
[White "simon_w"]
[Black "chessjohn"]
[Result "1-0"]
[WhiteCountry "IRL"]
[BlackCountry "NED"]
[WhiteElo "1901"]
[WhiteRD "70"]
[BlackElo "1587"]
[BlackRD "113"]
[GameID "226046"]

1. e4 d5 2. exd5 Qxd5 3. Nc3 Qa5 4. d4 Nf6 5. Nf3 Bf5 6. Bc4 e6 7. Bd2 c6 8. Qe2 Qc7 9. O-O-O Be7 10. Nh4 Bg6
11. Nxg6 hxg6 12. h3 Nbd7 13. Rhe1 O-O-O 14. d5 cxd5 15. Bxd5 Bb4 16. Bf3 Rhe8 17. Nb5 Bxd2+ 18. Rxd2
1-0

[Event "2010 Standard Chess Dropout Tournament, Round 1"]
[Site "SchemingMind.com"]
[Date "2009.11.14"]
[Round "1"]
[White "slotheman"]
[Black "Lee Shuck"]
[Result "1-0"]
[WhiteCountry "USA"]
[BlackCountry "ENG"]
[WhiteElo "1579"]
[WhiteRD "100"]
[BlackElo "1361"]
[BlackRD "97"]
[GameID "226047"]

1. e4 e5 2. Nf3 Nc6 3. d4 exd4 4. Bc4 Nf6 5. e5 d5 6. Bb5 Ne4 7. Nxd4 Bd7 8. Bxc6 bxc6 9. O-O Bc5 10. f3 Bxd4+
11. Qxd4 Ng5 12. Nc3 Bf5 13. Qc5 f6 14. Qxc6+ Qd7 15. Qxa8+ Qc8 16. Qxd5 Qd7 17. Re1 Qxd5 18. Nxd5
1-0

[Event "2010 Standard Chess Dropout Tournament, Round 1"]
[Site "SchemingMind.com"]
[Date "2009.11.14"]
[Round "1"]
[White "soundso"]
[Black "Apocalypse"]
[Result "0-1"]
[WhiteCountry "USA"]
[BlackCountry "USA"]
[WhiteElo "1727"]
[WhiteRD "75"]
[BlackElo "2624"]
[BlackRD "61"]
[GameID "226048"]

1. d4 Nf6 2. c4 e5 3. dxe5 Ng4 4. Nf3 Bc5 5. e3 Nc6 6. Be2 O-O 7. O-O Ngxe5 8. b3 Qf6 9. Bb2 Nxf3+ 10. Bxf3 Qxb2
11. Nd2 Bb4 12. Ne4 d6 13. Qe2 Qxe2 14. Bxe2 f5 15. Ng5 h6 16. Nf3 f4 17. e4 Re8 18. Bd3 a5 19. a4 Bg4 20. Rfd1 Bxf3
21. gxf3 Nd4 22. Kg2 Re5 23. h4 Nxb3 24. Rab1 Nc5 25. Be2 Nxa4 26. Rg1 Nc3 27. Rb2 Nxe2 28. Rxe2 Rc5 29. Rc2 b5 30. Kh3 Rxc4
31. Rxc4 bxc4 32. Rc1 c3 33. Kg4 a4 34. Kxf4 a3 35. Ke3 a2 36. Ra1 Ba3
0-1

[Event "2010 Standard Chess Dropout Tournament, Round 1"]
[Site "SchemingMind.com"]
[Date "2009.11.10"]
[Round "1"]
[White "Spohn"]
[Black "dmichael"]
[Result "0-1"]
[WhiteCountry "USA"]
[BlackCountry "USA"]
[WhiteElo "1875"]
[WhiteRD "93"]
[BlackElo "2497"]
[BlackRD "91"]
[GameID "226049"]

1. e4 c5 2. Nf3 d6 3. d4 cxd4 4. Nxd4 Nf6 5. Nc3 a6 6. Bg5 e6 7. f4 Qb6 8. Qd2 Qxb2 9. Rb1 Qa3 10. Bc4 Be7
11. O-O Qc5 12. e5 Qxc4 13. exf6 gxf6 14. Bh4 Nd7 15. Kh1 b5 16. Rbd1 Bb7 17. Nce2 Rg8 18. Bg3 Rc8 19. c3 Qd5 20. Nf3 Qxd2
21. Rxd2 f5 22. Rb1 Nb6 23. Nfd4 Nc4 24. Rdd1 h5
0-1

[Event "2010 Standard Chess Dropout Tournament, Round 1"]
[Site "SchemingMind.com"]
[Date "2009.11.11"]
[Round "1"]
[White "startstek"]
[Black "tyler_ensor"]
[Result "1-0"]
[WhiteCountry "ALG"]
[BlackCountry "CAN"]
[WhiteElo "1909"]
[WhiteRD "78"]
[BlackElo "1779"]
[BlackRD "70"]
[GameID "226050"]

1. e4 e6 2. d4 d5 3. Nd2 Nf6 4. e5 Nfd7 5. f4 c5 6. c3 Nc6 7. Ndf3 cxd4 8. cxd4 f5 9. Bd3 Be7 10. Ne2 h6
11. h4 b6 12. Kf2 Bb7 13. Be3 Rc8 14. Rc1 Nf8 15. h5 Kd7 16. Qa4 Kc7 17. Qxa7 Ra8 18. Rxc6+ Kxc6 19. Rc1+ Bc5 20. Rxc5+ bxc5
21. Qxc5+ Kd7 22. Bb5+
1-0

[Event "2010 Standard Chess Dropout Tournament, Round 1"]
[Site "SchemingMind.com"]
[Date "2009.11.11"]
[Round "1"]
[White "staunton64"]
[Black "PankracyRozumek"]
[Result "0-1"]
[WhiteCountry "FRA"]
[BlackCountry "POL"]
[WhiteElo "1697"]
[WhiteRD "73"]
[BlackElo "1841"]
[BlackRD "91"]
[GameID "226051"]

1. c4 c5 2. g3 g6 3. Bg2 Bg7 4. Nc3 Nc6 5. Nf3 e6 6. e4 Nge7 7. O-O O-O 8. d3 d6 9. Bg5 a6 10. Qd2 Rb8
11. Bh6 b5 12. Bxg7 Kxg7 13. b3 b4 14. Ne2 e5 15. h4 h6 16. Kh2 Ng8 17. Neg1 Rb7 18. Bh3 f5 19. Kg2 f4 20. Nh2 Nd4
21. Ngf3 Nxf3 22. Nxf3 Bxh3+ 23. Kxh3 Qd7+ 24. g4 Nf6 25. Nh2 h5 26. f3 hxg4+ 27. fxg4 Rh8 28. Rf3 g5 29. Rg1 Rxh4+ 30. Kg2 Nxg4
31. Kf1 Nxh2+ 32. Kf2 Nxf3 33. Kxf3 Qh3+
0-1

[Event "2010 Standard Chess Dropout Tournament, Round 1"]
[Site "SchemingMind.com"]
[Date "2009.11.09"]
[Round "1"]
[White "surfnsuds"]
[Black "Ryan"]
[Result "0-1"]
[WhiteCountry "USA"]
[BlackCountry "NED"]
[WhiteElo "1349"]
[WhiteRD "103"]
[BlackElo "2088"]
[BlackRD "115"]
[GameID "226054"]

1. e3 Nf6 2. d4 b6 3. Nf3 Bb7 4. c4 e6 5. Be2 Be7 6. O-O O-O 7. Nc3 d5 8. Qd3 Ne4 9. Nd2 Nxd2 10. Bxd2 dxc4
11. Qxc4 c5 12. Bd3 Nc6 13. dxc5 Ne5 14. Qd4 Qxd4 15. exd4 Nxd3 16. Na4 bxc5 17. Bc3 cxd4 18. Bxd4 Nf4 19. g3 Nh3#
0-1

[Event "2010 Standard Chess Dropout Tournament, Round 1"]
[Site "SchemingMind.com"]
[Date "2009.11.09"]
[Round "1"]
[White "sythymesnos"]
[Black "Zerstörer"]
[Result "0-1"]
[WhiteCountry "FRA"]
[BlackCountry "ITA"]
[WhiteElo "1594"]
[WhiteRD "139"]
[BlackElo "2043"]
[BlackRD "86"]
[GameID "226055"]

1. e4 e6 2. d4 d5 3. e5 c5 4. c3 Nc6 5. Nf3 Bd7 6. a3 Qb6 7. b4 cxd4 8. cxd4 Nge7 9. Nc3 Nf5 10. Be3 Nxe3
11. fxe3 Nxb4 12. Rb1 Qa5 13. axb4 Bxb4
0-1

[Event "2010 Standard Chess Dropout Tournament, Round 1"]
[Site "SchemingMind.com"]
[Date "2009.11.09"]
[Round "1"]
[White "talobsessed"]
[Black "MrPerry"]
[Result "1-0"]
[WhiteCountry "SWE"]
[BlackCountry "USA"]
[WhiteElo "1995"]
[WhiteRD "164"]
[BlackElo "1814"]
[BlackRD "84"]
[GameID "226056"]

1. e4 b6 2. d4 Bb7 3. Nc3 Nf6 4. Bd3 e6 5. Nf3 Bb4 6. Bg5 h6 7. Bxf6 Qxf6 8. O-O Bxc3 9. bxc3 d6 10. Bb5+ Nd7
11. Qe2 Qe7 12. Nd2 a6 13. Bd3 O-O 14. f4 e5 15. a4 c6 16. Nc4 exf4 17. Rxf4 Rfe8 18. Raf1 f6 19. Ne3 g6 20. Ng4 Kg7
21. Rxf6 Nxf6 22. Rxf6 Rf8 23. e5 dxe5 24. Rxg6+ Kf7 25. Nxe5+ Ke8 26. Qh5 Kd8 27. Qxh6 Rf7 28. Nxf7+
1-0

[Event "2010 Standard Chess Dropout Tournament, Round 1"]
[Site "SchemingMind.com"]
[Date "2009.11.14"]
[Round "1"]
[White "teban2008"]
[Black "palszab"]
[Result "0-1"]
[WhiteCountry "CAN"]
[BlackCountry "HUN"]
[WhiteElo "1755"]
[WhiteRD "100"]
[BlackElo "1871"]
[BlackRD "77"]
[GameID "226057"]

1. c4 Nf6 2. Nc3 d5 3. cxd5 Nxd5 4. Qa4+ Nc6 5. Nf3 a6 6. Nxd5 Qxd5 7. e4 Qd6 8. a3 e5 9. b4 Bd7 10. Qc2 Be7
11. Bb2 Bg4 12. Be2 O-O-O 13. h3 Bxf3 14. Bxf3 Nd4 15. Bxd4 Qxd4 16. Rd1 Qd3 17. Qb2 f6 18. Rc1 h5 19. Rc3 Qd4 20. Qc2 Qd6
21. Be2 g5 22. Rd3 Qe6 23. Rxd8+ Bxd8 24. g4 h4 25. O-O Qd6 26. Bc4 c6 27. Bf7 Bb6 28. Qc4 Rd8 29. a4 Kb8 30. Rd1 Qd4
0-1